Statistics for Countries that Gained Independence from France

Click here to take the quiz!

General Stats

  • This quiz has been taken 536 times
  • The average score is 17 of 24

Answer Stats

YearCountry% Correct
1962Algeria
93%
1956Morocco
84%
1960Mali
83%
1960Senegal
82%
1956Tunisia
82%
1960Chad
79%
1960Mauritania
79%
1960Niger
79%
1958Guinea
77%
1949Vietnam
77%
1960Cameroon
75%
1960Cote d'Ivoire
73%
1960R. Congo
72%
1804Haiti
71%
1960Benin
70%
1945Laos
70%
1953Cambodia
69%
1960CAR
67%
1960Gabon
65%
1960Burkina Faso
64%
1960Madagascar
59%
1975Comoros
54%
1977Djibouti
51%
1980Vanuatu
33%

Score Distribution

Percentile by Number Answered

Percent of People with Each Score

Your Score History

You have not taken this quiz